The Penguin dictionary of geography : (Record no. 10071)
[ view plain ]
| 000 -LEADER | |
|---|---|
| fixed length control field | 01019nam a2200289 a 4500 |
| 001 - CONTROL NUMBER | |
| JCCL Control Number | 10071 |
| 003 - CONTROL NUMBER IDENTIFIER | |
| JCCL marc code | BD-JhCC |
| 005 - DATE AND TIME OF LATEST TRANSACTION | |
| control field | 20190311093410.0 |
| 008 - FIXED-LENGTH DATA ELEMENTS--GENERAL INFORMATION | |
| fixed length control field | 180405s1981 enkaf d 000 0 eng c |
| 020 ## - INTERNATIONAL STANDARD BOOK NUMBER | |
| International Standard Book Number | 0140510028 (pbk.) |
| 035 ## - SYSTEM CONTROL NUMBER | |
| system control number | (BD-JhCC)10071 |
| 040 ## - CATALOGING SOURCE | |
| Original cataloging agency | MH |
| Transcribing agency | MH |
| Modifying agency | DLC |
| -- | BD-JhCC |
| 041 ## - LANGUAGE CODE | |
| Language code of Book | eng |
| 050 14 - LIBRARY OF CONGRESS CALL NUMBER | |
| Classification number | GB10 |
| Item number | .M66x 1981 |
| 082 ## - DEWEY DECIMAL CLASSIFICATION NUMBER | |
| Author mark and Year | MOO 1981 |
| Classification number | 910.321 |
| 100 1# - MAIN ENTRY--PERSONAL NAME | |
| Personal name | Moore, W. G. |
| Fuller form of name | (Wilfred George), |
| Dates associated with a name | 1907- |
| 245 14 - TITLE STATEMENT | |
| Title | The Penguin dictionary of geography : |
| Remainder of title | definitions and explanations of terms used in physical geography / |
| Statement of responsibility, etc | W.G. Moore. |
| 250 ## - EDITION STATEMENT | |
| Edition statement | 6th ed. |
| 260 ## - PUBLICATION, DISTRIBUTION, ETC. (IMPRINT) | |
| Place of publication, distribution, etc | Harmondsworth, Middlesex, England : |
| Name of publisher, distributor, etc | Penguin Books, |
| Date of publication, distribution, etc | 1981. |
| 300 ## - PHYSICAL DESCRIPTION | |
| Pagination | 256 p., [24] p. of plates : |
| Other physical details | ill. ; |
| Dimensions | 20 cm. |
| 440 #0 - | |
| Title | Penguin reference books |
| 500 ## - GENERAL NOTE | |
| General note | Earlier eds. published under title: A dictionary of geography. |
| 650 #0 - SUBJECT ADDED ENTRY--TOPICAL TERM | |
| Topical term or geographic name as entry element | Physical geography |
| General subdivision | Dictionaries. |
| 700 1# - ADDED ENTRY--PERSONAL NAME | |
| Personal name | Moore, W. G. |
| Fuller form of name | (Wilfred George), |
| Dates associated with a name | 1907- |
| Title of a work | Dictionary of physical geography. |
| 942 ## - ADDED ENTRY ELEMENTS (KOHA) | |
| Source of classification or shelving scheme | Dewey Decimal Classification |
| Koha item type | Reference |
| Source of classification or shelving scheme | Damaged status | Not for loan | Home library | Current library | Shelving location | Date of accession | Total Checkouts | Full call number | Barcode | Date last seen | Copy number | Koha item type |
|---|---|---|---|---|---|---|---|---|---|---|---|---|
| Dewey Decimal Classification | JCC Rouf Library | JCC Rouf Library | General Stacks | 04/04/2018 | 910.321 MOO 1981 | 12749 | 04/05/2018 | C-1 | Reference |